000 00308nam a22001457a 4500
020 _a817214606x
082 _a290 DAN
100 _aDaniel ,p.s
245 _aReligious Traditions of India
250 _afirst
260 _aDelhi
_bISPCK
_c2011
300 _a368
650 _aReligions-India
942 _cBK
999 _c19610
_d19610